Many Practice Physics (Record no. 180837)
[ view plain ]
| 000 -LEADER | |
|---|---|
| fixed length control field | 00828 a2200193 4500 |
| 003 - CONTROL NUMBER IDENTIFIER | |
| control field | Nust |
| 005 - DATE AND TIME OF LATEST TRANSACTION | |
| control field | 20221208121231.0 |
| 010 ## - LIBRARY OF CONGRESS CONTROL NUMBER | |
| LC control number | 89048850 |
| 040 ## - CATALOGING SOURCE | |
| Transcribing agency | Nust |
| 082 ## - DEWEY DECIMAL CLASSIFICATION NUMBER | |
| Classification number | 530.41, MAH |
| 100 ## - MAIN ENTRY--PERSONAL NAME | |
| Personal name | Mahan,Geral D |
| 9 (RLIN) | 104452 |
| 245 ## - TITLE STATEMENT | |
| Title | Many Practice Physics |
| Statement of responsibility, etc. | Gerald D.Mahan |
| 250 ## - EDITION STATEMENT | |
| Edition statement | 2nd |
| 260 ## - PUBLICATION, DISTRIBUTION, ETC. | |
| Place of publication, distribution, etc. | New York |
| Name of publisher, distributor, etc. | Plenum press |
| Date of publication, distribution, etc. | 1990. |
| 300 ## - PHYSICAL DESCRIPTION | |
| Extent | xiv,1032p |
| 505 ## - FORMATTED CONTENTS NOTE | |
| Formatted contents note | Introductory Material (Page-1), Green Functions at Zero Temperature (Page-81), Green Functions at Finite Temperature (Page-133), Exactly Solvable Models (Page-239), Electron Gas (Page-379), Electron Phonon Interaction (Page-497), DC Conductive (Page-601). Optical Properties of Solids (Page-695). Superconductivity (Page-767). Liquid Helium (Page-841), Spin Fluctuations (Page-957). |
| 650 ## - SUBJECT ADDED ENTRY--TOPICAL TERM | |
| Topical term or geographic name entry element | Particle physics |
| 9 (RLIN) | 104453 |
| 942 ## - ADDED ENTRY ELEMENTS (KOHA) | |
| Source of classification or shelving scheme | |
| Koha item type | Book |
| Withdrawn status | Lost status | Source of classification or shelving scheme | Damaged status | Not for loan | Permanent Location | Current Location | Shelving location | Date acquired | Full call number | Barcode | Date last seen | Price effective from | Koha item type | Public note |
|---|---|---|---|---|---|---|---|---|---|---|---|---|---|---|
| Military College of Signals (MCS) | Military College of Signals (MCS) | General Stacks | 12/12/2016 | 530.41, MAH | MCS5400 | 12/08/2016 | 12/12/2016 | Book | Almirah No.16, Shelf No.1 |
